Introducción a la enseñanza de la lengua y la literatura españolas

Furkejuvvon:
Bibliográfalaš dieđut
Váldodahkki: Battaner, María Paz et al
Materiálatiipa: Girji
Giella:Undetermined
Almmustuhtton: Madrid, España Alhambra 1985
Fáttát:
Fáddágilkorat: Lasit fáddágilkoriid
Eai fáddágilkorat, Lasit vuosttaš fáddágilkora!

MARC

LEADER 00000nam a2200000Ia 4500
008 170316s9999 xx 000 0 und d
090 |a 415-E B-3i 
100 |a Battaner, María Paz et al. 
245 |a Introducción a la enseñanza de la lengua y la literatura españolas 
260 |a Madrid, España 
260 |b Alhambra 
260 |c 1985 
300 |a 463 páginas 
650 |a GRAMÁTICA ESPAÑOLA 
999 |c 18917  |d 18917 
040 |a cru BVZT 
942 |c 15 D  |h 415-E B-3i  |2 z